000 003130000a22001450004500
003 MACL
040 _aMACL
090 _c45234
_d45232
100 _aGupta, Anuradha
245 _aMP PMT 2011 Success Package
260 _bArihant Prakashan,Meerut
350 _a625
650 _aMedical
942 _cBOOK
_k610/GUP
999 _c44769
_d44769